| 000 | 00512nam a2200181Ia 4500 | ||
|---|---|---|---|
| 008 | 230312s9999 xx 000 0 und d | ||
| 041 | _aeng | ||
| 082 |
_a658 _b658/She/033361 |
||
| 100 | _aShejwalkar P.C. | ||
| 245 | _aPrinciples and Practice of Management | ||
| 260 |
_c2009 _bEverest Publishing House |
||
| 300 | _a130 | ||
| 365 |
_cRs. _b235.00 |
||
| 700 |
_aBhivpathakiD. _9169961 |
||
| 710 |
_aShejwalkar P.C., Ghanekar A. & Bhivpathaki D. _9169962 |
||
| 906 | _b119.85 | ||
| 999 |
_c130586 _d130586 |
||